000 00591nam a22002057a 4500
999 _c21367
_d21367
003 AR-CdUCM
008 190329b ||||| |||| 00| 0 spa d
020 _a9786120021996
040 _aMUNICIPALIDAD PROVINCIAL DEL CUSCO
_cBIBLIOTECA MUNICIPAL DEL CUSCO
082 _aES/869.8/I21
_bI21
100 _aIldefonso Huanca, Roger
_944546
245 _aNiños de otros mundos /
260 _aLima ;
_bTarea,
_c2016.
300 _a144 Páginas ;
_c19 cm.
650 _aLiteratura juvenil
_91580
650 _aFiccion
_9184
650 _aAventura
_91719
942 _2ddc
_cLIBROS
945 _aRoel